Statistics for Counting in Random Languages

Click here to take the quiz!

General Stats

  • This quiz has been taken 23 times
  • The average score is 9 of 20

Answer Stats

#LanguageAnswer% Correct
2Frenchdeux
95%
3Italiantre
90%
17Englishseventeen
75%
11Spanishonce
65%
13Frenchtreize
65%
9Germanneun
60%
4Germanvier
60%
15Frenchquinze
50%
6Swedishsex
45%
1Portugeseum
45%
14Germanvierzehn
40%
5Japanese
35%
16Spanishdieciséis
35%
8Greekοκτώ
30%
7Russiancемь
30%
10Swedishtio
25%
12Italiandodici
15%
20Japanese二十
10%
18Italiandiciotto
5%
19Portugesedezanove
0%

Score Distribution

Percentile by Number Answered

Percent of People with Each Score

Your Score History

You have not taken this quiz